Từ điển thành ngữ - tục ngữ người Raglai ở Khánh Hòa
Tổng quan về thành ngữ - tục ngữ người Raglai ở Khánh Hòa. Từ điển thành ngữ, tục ngữ Raglai ở Khánh Hòa.
Saved in:
| Other Authors: | , , |
|---|---|
| Format: | Book |
| Language: | Vietnamese |
| Published: |
H.
Văn hóa dân tộc
2016
|
| Subjects: | |
| Tags: |
Add Tag
No Tags, Be the first to tag this record!
|
| Institutions: | Mạng thư viện Đại học Đà Nẵng |
|---|
| LEADER | 01589nam a2200385 4500 | ||
|---|---|---|---|
| 001 | 000025107 | ||
| 003 | 21598 | ||
| 005 | 20170508150559.0 | ||
| 008 | 170505s2016 viesd | ||
| 041 | 0 | |a vie | |
| 082 | 1 | 4 | |a 398.803 |b Tưđ |
| 245 | 0 | 0 | |a Từ điển thành ngữ - tục ngữ người Raglai ở Khánh Hòa |c Trần Kiêm Hoàng, Chamaliaq Riya Tiẻnq, Pinãng Điệp Phới...... |
| 260 | |a H. |b Văn hóa dân tộc |c 2016 | ||
| 300 | |a 695 tr. |c 21 cm. | ||
| 500 | |a ĐTTS ghi: Hội văn nghệ dân gian Việt Nam | ||
| 520 | 3 | |a Tổng quan về thành ngữ - tục ngữ người Raglai ở Khánh Hòa. Từ điển thành ngữ, tục ngữ Raglai ở Khánh Hòa. | |
| 650 | 0 | 4 | |a Văn học dân gian |v Từ điển |x Người Raglai |x Thành ngữ |z Khánh Hòa (Việt Nam) |
| 650 | 0 | 4 | |a Văn học dân gian |v Từ điển |x Người Raglai |x Tục ngữ |z Khánh Hòa (Việt Nam) |
| 653 | |a Thành ngữ | ||
| 653 | |a Tục ngữ | ||
| 653 | |a Khánh Hòa | ||
| 653 | |a Người Raglai | ||
| 700 | 1 | |a Chamaliaq Riya Tiẻnq | |
| 700 | 1 | |a Pinãng Điệp Phới | |
| 700 | 1 | |a Nguyễn Khiêm | |
| OWN | |a LSP | ||
| AVA | |a UDN50 |b LSP |d 398.803 Tưđ |e available |t Error 5001 Not defined in file expand_doc_bib_avail. |f 1 |g 0 |h N |i 0 |k 1 | ||
| 999 | |a From the UDN01 | ||
| AVA | |a UDN50 |b LSP |d 398.803 Tưđ |e available |t Error 5001 Not defined in file expand_doc_bib_avail. |f 1 |g 0 |h N |i 0 |k 1 | ||
| TYP | |a Monograph | ||
| TYP | |a Printed language | ||
| 980 | |a Mạng thư viện Đại học Đà Nẵng | ||